00344nam a2200121Ia 4500008004100000040001600041041001200057082001800069100002100087245006100108260004200169300001100211230917s9999||||xx |||||||||||||| ||und|| e70033aMAIN aEnglish a891.2109 S23S aSharma, Haridutt 0aSanskrit kavyashastriya bhavon ka manovaigyanik adhyayan aVaranasibChaukhamba Orientaliac1983 a391 p.